Logo BPK

Biblioteka

Politechniki Koszalińskiej

Marksizm a rewizjonizm / (Rekord nr 13439)

Szczegóły MARC
000 -ETYKIETA REKORDU
podpole kontrolne o stałej długości 01610nam a2200397 i 4500
001 - NUMER KONTROLNY REKORDU
pole kontrolne 13439
003 - IDENTYFIKATOR NUMERU KONTROLNEGO REKORDU
podpole kontrolne KOSZ 005
005 - DATA OSTATNIEJ MODYFIKACJI REKORDU
podpole kontrolne 20191214090757.0
008 - POLE O STAŁEJ DŁUGOŚCI - DANE KONTROLNE
podpole kontrolne o stałej długości 081120s1950 pl g 000 0 pol
015 ## - NUMER BIBLIOGRAFII NARODOWEJ
Numer bibliografii narodowej PB 1950/4288
040 ## - ŹRÓDŁO KATALOGOWANIA
Instytucja, która sporządziła opis WA N
Instytucja, która utworzyła rekord WA N
Instytucja, która dokonała modyfikacji KOSZ 005/RW
041 1# - KOD JĘZYKA
Kod języka tekstu pol
Kod języka oryginału rus
080 ## - UNIWERSALNA KLASYFIKACJA DZIESIĘTNA - UKD
UKD 14:335
100 1# - NAZWA OSOBOWA
Nazwa osobowa Lenin, Włodzimierz
Daty związane z nazwą (1870-1924).
Określenie rodzaju współpracy Autor
245 10 - TYTUŁ/ODPOWIEDZIALNOŚĆ
Tytuł Marksizm a rewizjonizm /
Pozostałe elementy strefy tytułu i oznaczenia odpowiedzialności / W. I. Lenin.
246 1# - WARIANT TYTUŁU
Treść wyrażenia wprowadzającego Tytuł oryginału:
Tytuł Marksizm i revizionizm.
250 ## - STREFA WYDANIA
Oznaczenie wydania Wydanie 3.
260 ## - STREFA ADRESU WYDAWNICZEGO
Miejsce wydania Warszawa :
Nazwa wydawcy/dystrybutora "Książka i Wiedza",
Data publikacji, dystrybucji/powstania dokumentu 1950.
300 ## - STREFA OPISU FIZYCZNEGO
Objętość 47, [1] stron ;
Rozmiary 21 cm.
336 ## - TYP ZAWARTOŚCI
Termin opisujący typ zawartości Tekst
Kod określający zawartość txt
Źródło (terminu i kodu) rdacontent
337 ## - TYP MEDIÓW
Tryb odtwarzania Bez urządzenia pośredniczącego
Kod typu mediów n
Źródło (terminu i kodu) rdamedia
338 ## - TYP/RODZAJ NOŚNIKA
Hasło opisujące typ nośnika Wolumin
Kod typu nośnika nc
Źródło (terminu i kodu) rdacarrier
380 ## - FORMA I TYP PUBLIKACJI
Forma i typ publikacji Książki.
490 1# - STREFA SERII I DOKUMENTU WIELOCZĘŚCIOWEGO - FORMA NIE DO WYSZUKIWANIA
Tytuł i oznaczenie odpowiedzialności serii Biblioteka Klasyków Marksizmu-Leninizmu.
501 ## - UWAGA DOTYCZĄCA PRAC WSPÓŁWYDANYCH
Tekst uwagi Zawiera również: Rozbieżności w europejskim ruchu robotniczym ; Imperializm a rozłam w socjaliźmie.
546 ## - UWAGA O JĘZYKU
Uwaga o języku Przekład z języka rosyjskiego.
658 ## - TERMIN INDEKSOWY - PRZEDMIOT PROGRAMU NAUCZANIA
Główny przedmiot programu nauczania Polityka, politologia, administracja publiczna
658 ## - TERMIN INDEKSOWY - PRZEDMIOT PROGRAMU NAUCZANIA
Główny przedmiot programu nauczania Historia
650 #4 - HASŁO PRZEDMIOTOWE W FORMIE NAZWY OGÓLNEJ LUB JEDNOSTKOWEJ
Nazwa ogólna lub geograficzna Marksizm
700 12 - HASŁO DODATKOWE - NAZWA OSOBOWA
Nazwa osobowa Lenin, Włodzimierz
Daty związane z nazwą (1870-1924).
Tytuł dzieła Rozbieżności w europejskim ruchu robotniczym.
700 12 - HASŁO DODATKOWE - NAZWA OSOBOWA
Nazwa osobowa Lenin, Włodzimierz
Daty związane z nazwą (1870-1924).
Tytuł dzieła Imperializm a rozłam w socjaliźmie.
710 2# - HASŁO DODATKOWE - NAZWA CIAŁA ZBIOROWEGO
Nazwa ciała zbiorowego lub jednostki geograficznej Spółdzielnia Wydawniczo-Handlowa "Książka i Wiedza"
Kod określenia powiązania pbl.
830 #0 - HASŁO DODATKOWE SERII LUB DOKUMENTU WIELOCZĘŚCIOWEGO - TYTUŁ UJEDNOLICONY
Tytuł ujednolicony Biblioteka Klasyków Marksizmu-Leninizmu.
856 ## - LOKALIZACJA I DOSTĘP DO ELEKTRONICZNYCH DOKUMENTÓW ZDALNYCH
Link (URL) http://koha.tu.koszalin.pl/cgi-bin/koha/opac-detail.pl?biblionumber=13439
Tekst linku Katalog online BPK
942 ## - DODATKOWE ELEMENTY (KOHA)
Schemat klasyfikacji Uniwersalna Klasyfikacja Dziesiętna
Typ dokumentu Książka
Egzemplarze
Wycofany Status egzemplarza Uszkodzony Dostępność Lokalizacja stała Lokalizacja bieżąca Miejsce przechowywania Sygnatura Kod kreskowy Typ dokumentu
      Dostępny Biblioteka Politechniki Koszalińskiej Biblioteka Politechniki Koszalińskiej Wypożyczalnia BG 10516 01751529 Książka
© 2023 Biblioteka Politechniki Koszalińskiej :: KOHA